| 000 | 00381nam a2200157Ia 4500 | ||
|---|---|---|---|
| 003 | GCL | ||
| 008 | 140319s9999 xx 000 0 eng d | ||
| 040 |
_aGCL / _cGCL |
||
| 082 | 0 | 4 |
_a808.0666 _bCB |
| 245 | 1 | 0 | _aBUSINESS REPORTS IN ENGLISH |
| 260 |
_a[S.N] : _bMACMILLAN PUBLISHING COMPANY |
||
| 300 | _a90 P | ||
| 650 | 0 | 4 | _aBUSINESS |
| 650 | 0 | 4 | _aREPORT WRITING |
| 942 |
_2ddc _cBK |
||
| 999 |
_c18242 _d18242 |
||